| 000 | 00566nam a2200205 b 4500 | ||
|---|---|---|---|
| 003 | OSt | ||
| 005 | 20141014153126.0 | ||
| 008 | 020709s1992 sp | ||| ||spa | ||
| 020 | _a950-537-201-9 | ||
| 040 | _cBMC | ||
| 082 | _a658.15 | ||
| 082 | _a332.068 | ||
| 100 | 1 |
_926443 _aPascale, Ricardo |
|
| 245 | 1 | 0 |
_aDecisiones financieras _cRicardo Pascale |
| 260 |
_aBuenos Aires ; Santafé de Bogotá _bMacchi _c1992 |
||
| 300 |
_aXVIII, 621 p. _egráf. _c22 cm |
||
| 650 | 2 | 4 |
_95713 _aEmpresas _xFinanzas |
| 650 | 2 | 4 |
_96088 _aDirección financiera |
| 942 |
_2ddc _cBK |
||
| 999 |
_c14488 _d14488 |
||